| 000 | 00641nam a2200181 4500 | ||
|---|---|---|---|
| 999 |
_c4908 _d4908 |
||
| 008 | 150907b xxu||||| |||| 00| 0 eng d | ||
| 020 | _a0534358381 | ||
| 050 | _aQA 533 .B32 1999 | ||
| 100 | _aBarnett, Raymond A. | ||
| 245 |
_aAnalytic Trigonometry With Applications/ _cRaymond A. Barnett, Micheal R. Ziegler & Karl E. Byleen |
||
| 250 | _a7th ed. | ||
| 260 |
_aNew York: _bBrooks / Cole Publishing Company, _c1999. |
||
| 300 |
_axix, 477 [59]p.: _bill.; [some col] _c24 cm. |
||
| 504 | _aIncludes index. | ||
| 650 | _aTrigonometry, Plane. | ||
| 700 | _aZiegler, Micheal R. | ||
| 700 | _aByleen, Karl E. | ||
| 942 |
_2lcc _cBOOKS _hQA 533 .B32 1999 _04 |
||